Sterilization, disinfection and infection control / (Record no. 7433)

MARC details
000 -LEADER
fixed length control field 00515nam a2200169 4500
001 - CONTROL NUMBER
control field 8580
005 - DATE AND TIME OF LATEST TRANSACTION
control field 20181127190305.0
020 00 - INTERNATIONAL STANDARD BOOK NUMBER
International Standard Book Number 9780443054358
090 00 - LOCALLY ASSIGNED LC-TYPE CALL NUMBER (OCLC); LOCAL CALL NUMBER (RLIN)
Classification number (OCLC) (R) ; Classification number, CALL (RLIN) (NR) 614.48
100 00 - MAIN ENTRY--PERSONAL NAME
Personal name Gardner, Joan F.
245 00 - TITLE STATEMENT
Title Sterilization, disinfection and infection control /
Remainder of title
Statement of responsibility, etc. Joan F Gardner; Margaret M Peel.
Medium
250 00 - EDITION STATEMENT
Edition statement 3rd ed.
260 00 - PUBLICATION, DISTRIBUTION, ETC.
Place of publication, distribution, etc. Melbourne ;
Name of publisher, distributor, etc. Churchill Livingstone,
Date of publication, distribution, etc. 1998.
300 00 - PHYSICAL DESCRIPTION
Extent viii, 267 pages : illustrations ; 25 cm
650 00 - SUBJECT ADDED ENTRY--TOPICAL TERM
Topical term or geographic name entry element DISINFECTION AND DISINFECTANTS.
General subdivision
Topical term or geographic name entry element STERILIZATION.
General subdivision
Holdings
Withdrawn status Lost status Source of classification or shelving scheme Damaged status Not for loan Collection code Home library Current library Shelving location Serial Enumeration / chronology Inventory number Total Checkouts Full call number Barcode Date last seen Copy number Price effective from Koha item type
    Dewey Decimal Classification     Main TEST RTC Library RTC Library Main opac 13122   614.4 GAR 30012374 27/11/2018 2 27/11/2018 Main
    Dewey Decimal Classification     Main TEST RTC Library RTC Library Main opac 13057   614.4 GAR 30011627 27/11/2018   27/11/2018 Main
Royal Thimphu College || All Right Reserved